Efectos económicos del presupuesto / (Record no. 58736)

MARC details
000 -LEADER
campo de control de longitud fija 00560nam a2200169 i 4500
001 - NÚMERO DE CONTROL
campo de control 58736
003 - IDENTIFICADOR DE NÚMERO DE CONTROL
campo de control ES-MaACL
005 - FECHA Y HORA DE LA ÚLTIMA TRANSACCIÓN
campo de control 20230906163855.0
007 - CAMPO FIJO DE DESCRIPCIÓN FÍSICA--INFORMACIÓN GENERAL
campo de control de longitud fija t|
008 - DATOS DE LONGITUD FIJA--INFORMACIÓN GENERAL
campo de control de longitud fija 031023s1972 sp ||||1| spa d
245 00 - MENCIÓN DEL TÍTULO
Título Efectos económicos del presupuesto /
Mención de responsabilidad, etc. selección de lecturas de Victorio Valle Sánchez.
260 ## - PUBLICACIÓN, DISTRIBUCIÓN, ETC.
Lugar de publicación, distribución, etc. [Madrid] :
Nombre del editor, distribuidor, etc. Instituto de Estudios Fiscales,
Fecha de publicación, distribución, etc. [1972]
300 ## - DESCRIPCIÓN FÍSICA
Extensión 605 p. ;
Dimensiones 19 cm.
700 1# - ENTRADA AGREGADA--NOMBRE PERSONAL
Nombre de persona Valle Sánchez, Victorio.
9 (RLIN) 112819
710 2# - ENTRADA AGREGADA--NOMBRE DE ENTIDAD CORPORATIVA
Nombre de entidad corporativa o nombre de jurisdicción como elemento de entrada Instituto de Estudios Fiscales (España)
9 (RLIN) 169207
852 ## - LOCALIZACIÓN
Ubicación ES-MaACL
Número de control de estantería L-719
Sublocalización o colección R.101524
Holdings
Estatus retirado Estado de pérdida Estado de daño No para préstamo Biblioteca de origen Biblioteca actual Ubicación en estantería Fecha de adquisición Fuente de adquisición Total de préstamos Signatura topográfica completa Código de barras Visto por última vez Precio de reemplazo Tipo de ítem Koha
        Biblioteca del Ateneo de Madrid Biblioteca del Ateneo de Madrid Depósito 2 17/01/2008     L-719 1061619 23/02/2023 23/02/2023 Libro impreso